000 00331nam a2200133Ia 4500
005 20260328101504.0
008 260328s9999||||xx |||||||||||||| ||und||
100 _aLauer, David A.
245 0 _aDesign Basics /
_cDavid A. Lauer
260 _bWadsworth
300 _a308 p.
650 _aDISEÑO INDUSTRIAL - ELEMENTOS
942 _cBK
999 _c8983
_d8983